_Creativity, Communication and Cultureal Value Negus Keith (Record no. 8464)
[ view plain ]
| 000 -LEADER | |
|---|---|
| fixed length control field | 00459nam a2200157Ia 4500 |
| 008 - FIXED-LENGTH DATA ELEMENTS--GENERAL INFORMATION | |
| fixed length control field | 151021s9999 xx 000 0 und d |
| 020 ## - INTERNATIONAL STANDARD BOOK NUMBER | |
| International Standard Book Number | 761970762 |
| 050 ## - LIBRARY OF CONGRESS CALL NUMBER | |
| Classification number | BF 408 .N67 2004 |
| 245 ## - TITLE STATEMENT | |
| Title | _Creativity, Communication and Cultureal Value Negus Keith |
| 260 ## - PUBLICATION, DISTRIBUTION, ETC. (IMPRINT) | |
| Place of publication, distribution, etc. | London Sage 2004 |
| 300 ## - PHYSICAL DESCRIPTION | |
| Extent | x,177p,;ill |
| 500 ## - GENERAL NOTE | |
| General note | Includes index and bibliography |
| 650 ## - SUBJECT ADDED ENTRY--TOPICAL TERM | |
| Topical term or geographic name as entry element | _Creation |
| 700 ## - ADDED ENTRY--PERSONAL NAME | |
| Personal name | _Michael Pickering |
| 980 ## - EQUIVALENCE OR CROSS-REFERENCE-SERIES STATEMENT--PERSONAL NAME/TITLE [LOCAL, CANADA] | |
| Personal name | ^d20120113 02:22:33^oanne |
No items available.